Statická analýza alternatív nosného systému bytového domu

Salvato in:
Dettagli Bibliografici
Autore principale: Kysel, Filip (Autore)
Altri autori: Kormošová, Ľudmila (Relatore della tesi)
Natura: Manoscritto Libro
Lingua:slovacco
Pubblicazione: 2025
Soggetti:
Accesso online:http://is.stuba.sk/zp/portal_zp.pl?podrobnosti=186116
CRZP
Tags: Aggiungi Tag
Nessun Tag, puoi essere il primo ad aggiungerne!!

MARC

LEADER 00000ntm a22000003a 4500
001 stuzp104675
003 SK-STU
005 20250728130646.7
007 ta
008 150427s2015----xo-----f-mn---000-0-slo-d
040 |a STU  |b slo 
041 0 |a slo 
100 1 |a Kysel, Filip  |u 010110  |4 aut  |U SvF Stavebná fakulta  |T SvF Katedra betónových konštrukcií a mostov  |X 115268  |U V110  |Y 11  |7 115268 
242 0 1 |a Structural analysis of alternatives for the supporting system of a residential building  |y eng 
245 1 0 |a Statická analýza alternatív nosného systému bytového domu 
260 |c 2025 
650 4 |a bytový dom  |2 slo 
650 4 |a metóda konečných prvkov  |2 slo 
650 4 |a stenový systém  |2 slo 
650 4 |a železobetón  |2 slo 
650 4 |a nosná konštrukcia  |2 slo 
650 4 |a skeletový systém  |2 slo 
650 4 |a Statická analýza  |2 slo 
650 4 |a wall system  |2 eng 
650 4 |a residential building  |2 eng 
650 4 |a frame system  |2 eng 
650 4 |a load-bearing structure  |2 eng 
650 4 |a structural analysis  |2 eng 
650 4 |a finite element method  |2 eng 
650 4 |a reinforced concrete  |2 eng 
700 1 |a Kormošová, Ľudmila  |u 010110  |k Z2  |4 ths  |U SvF Stavebná fakulta  |T SvF Katedra betónových konštrukcií a mostov  |X 55138  |U V110  |Y 11  |7 55138 
856 4 |u http://is.stuba.sk/zp/portal_zp.pl?podrobnosti=186116 
856 4 |u https://opac.crzp.sk/?fn=detailBiblioForm&sid=C9A1C75A261DD259F980411E26A3  |z CRZP